| 000 | 00685nam a2200217Ia 4500 | ||
|---|---|---|---|
| 003 | OSt | ||
| 005 | 20220926021720.0 | ||
| 006 | a|||||r|||| 00| 0 | ||
| 007 | ta | ||
| 008 | 220923b |||||||| |||| 00| 0 eng d | ||
| 037 | _cGeneral Book | ||
| 040 |
_aRTL _cRTL _beng |
||
| 041 |
_2eng _aeng |
||
| 082 | _aVIN45,933:8.N72, L2,28.3 UN | ||
| 245 | 0 |
_aUnited Nations salary system _b report of the special committee . |
|
| 260 |
_aNew York _bUnited Nations _c1972 |
||
| 300 |
_aiii, 258p _ccm. |
||
| 500 | _aOfficial records : 27th Session .Supp.no. 28(A/8728) | ||
| 942 |
_hVIN45,933:8.N72, L2,28.3 UN _cGB _2CC |
||
| 999 |
_c637474 _d637474 |
||